| 000 | 01246nam1a22002771i 4500 | ||
|---|---|---|---|
| 001 | v19\rc\2018031 | ||
| 005 | 20240726041257.0 | ||
| 035 | _a(NLR Aleph) 005098782 | ||
| 090 |
_a7370717 _c7370717 |
||
| 100 | _a20080925e19031903|||y0rusy50 ca | ||
| 101 | 0 | _arus | |
| 102 | _aRU | ||
| 105 | _ay z ||||| | ||
| 200 | 1 |
_aПредсказания погоды журнала "Климат"... _f[Д. Педаев] |
|
| 210 |
_aХарьков _cтипо-лит. И.М. Варшавчика _d1903 |
||
| 300 | _aАвт. указан в конце текста | ||
| 309 | _aБез тит. л. и обл. | ||
| 311 | _aОтт. из №№ 28- "Южно-русской сельскохозяйственной газеты" за 1903 г. | ||
| 488 | 0 |
_12001#$aЮжно-русская сельскохозяйственная газета$v1903, № 28 _tЮжно-русская сельскохозяйственная газета |
|
| 532 | 1 | 3 | _aПредсказания погоды журнала Климат |
| 700 | 1 |
_aПедаев _bД.К. _f1873-1936 _gДмитрий Кондратьевич |
|
| 801 | 0 |
_aRU _bNLR _gpsbo |
|
| 801 | 1 |
_aRU _bProSoft-M _2rusmarc |
|
| 852 |
_aNLR _j34.82.7.183 |
||
| 852 |
_aNLR _j+Шифры разные |
||
| 942 | _cBOOK | ||